000
00294nam a2200133Ia 4500
100
_a
Robert. G.A. & Cary/ R.A.
942
_c
RB
654
_a
tool sheet
245
_a
Tool sheets
260
_b
American Society for metals
_a
Ohio
_c
1980
082
_a
672.3
300
_a
820
546
_a
ENGLISH
999
_c
34436
_d
34436